00350 a2200121 450000100060000004000240000624000230003024500210005365000310007494200070010595200990011299900170021168537 cAnchieta - Itaigara10aOs invencíveisl10aOs invencíveis 4aLiteratura infanto-juvenil cMU 00104070a88.1b88.1d2023-11-21l0o028.5 INVp65/ITAr2023-11-21 20:02:46w2023-11-21yMU c68537d68537